000 00926cam a2200181 4500
001 WS111021
008 000000n 000 0 eng u
035 _a(Sirsi) u111021
245 _aDispute Prevention and Resolution Service
520 _aSite for this division of the Department of Justice, Canada, which was set up in response to the growing interest in and demand for alternate forms of dispute resolution. Includes the Directory of Dispute Resolution Neutrals, a guide to resolving disputes and the departments policy on dispute resolution.
650 _aCANADA
650 _aINTERNATIONAL
650 _aMANAGEMENT-DISPUTE AVOIDANCE, MANAGEMENT AND RESOLUTION-DISPUTE MANAGEMENT AND RESOLUTION-ARBITRATION
650 _aGOVERNMENT
690 _aDispute resolution
_96236
856 4 0 _uhttps://canada.justice.gc.ca/eng/pi/dprs-sprd/index.html
_zView the website free of charge at canada.justice.gc.ca
942 _n0
999 _c119801
_d119801